000 00816cam a22002893a 4500
001 35862
003 PGUSA
005 20140828083754.0
008 110413s2011||||xxu|||||s|||||000 | eng d
040 _aPGUSA
_beng
042 _adc
050 4 _aPZ
245 1 0 _aCeltic Folk and Fairy Tales
_h[electronic resource]
260 _bProject Gutenberg,
_c2011
506 _aPublic domain in the USA.
516 _aElectronic text
653 _aFairy tales
653 _aFolklore -- Great Britain
653 _aCelts -- Folklore
653 _aTales -- Great Britain
653 _aFairy tales -- Great Britain
700 1 _aJacobs, Joseph,
_d1854-1916
700 1 _aBatten, John Dickson,
_d1860-1932
830 0 _aProject Gutenberg
_v35862
856 4 0 _uhttp://www.gutenberg.org/ebooks/35862
942 _cEB
999 _c265117
_d265117